La plataforma continental : (Record no. 10015)
[ view plain ]
| 000 -LEADER | |
|---|---|
| fixed length control field | 01017nam a22002657a 4500 |
| 008 - FIXED-LENGTH DATA ELEMENTS--GENERAL INFORMATION | |
| fixed length control field | 231109b ||||| |||| 00| 0 spa d |
| 020 ## - INTERNATIONAL STANDARD BOOK NUMBER | |
| International Standard Book Number | 950-23-0046-7 |
| 040 ## - CATALOGING SOURCE | |
| Modifying agency | AR-FvUNAJ |
| 082 14 - DEWEY DECIMAL CLASSIFICATION NUMBER | |
| Edition number | 14 |
| Classification number | 341 |
| 100 1# - MAIN ENTRY--PERSONAL NAME | |
| 9 (RLIN) | 19708 |
| Personal name | Davérède, Alberto Luis |
| 245 13 - TITLE STATEMENT | |
| Title | La plataforma continental : |
| Remainder of title | los intereses argentinos en el nuevo derecho del mar / |
| Statement of responsibility, etc | Alberto Luis Davérède. |
| 260 ## - PUBLICATION, DISTRIBUTION, ETC. (IMPRINT) | |
| Place of publication, distribution, etc | Buenos Aires : |
| Name of publisher, distributor, etc | Eudeba, |
| Date of publication, distribution, etc | 1983. |
| 300 ## - PHYSICAL DESCRIPTION | |
| Extent | 208 p. : |
| Other physical details | mapas |
| 440 ## - SERIES STATEMENT/ADDED ENTRY--TITLE | |
| 9 (RLIN) | 19709 |
| Title | Temas / Derecho |
| Volume number/sequential designation | 2 |
| 505 2# - FORMATTED CONTENTS NOTE | |
| Title | Introducción. |
| 505 2# - FORMATTED CONTENTS NOTE | |
| Title | I. Naturaleza jurídica de los derechos del Estado ribereño sobre la plataforma continental. |
| 505 2# - FORMATTED CONTENTS NOTE | |
| Title | II. El límite exterior de la plataforma continental. |
| 505 2# - FORMATTED CONTENTS NOTE | |
| Title | III. La investigación científica de la plataforma continental. |
| 650 17 - SUBJECT ADDED ENTRY--TOPICAL TERM | |
| Source of heading or term | unescot |
| 9 (RLIN) | 6851 |
| Topical term or geographic name as entry element | PLATAFORMA CONTINENTAL |
| 650 24 - SUBJECT ADDED ENTRY--TOPICAL TERM | |
| 9 (RLIN) | 9122 |
| Topical term or geographic name as entry element | DERECHO DEL MAR |
| 650 27 - SUBJECT ADDED ENTRY--TOPICAL TERM | |
| Source of heading or term | unescot |
| 9 (RLIN) | 6850 |
| Topical term or geographic name as entry element | MAR |
| 651 17 - SUBJECT ADDED ENTRY--GEOGRAPHIC NAME | |
| 9 (RLIN) | 326 |
| Geographic name | ARGENTINA |
| Source of heading or term | unescot |
| 942 ## - ADDED ENTRY ELEMENTS (KOHA) | |
| Source of classification or shelving scheme | Dewey Decimal Classification |
| Item type | Libro, folleto, traducción |
| 980 ## - EQUIVALENCE OR CROSS-REFERENCE-SERIES STATEMENT--PERSONAL NAME/TITLE [LOCAL, CANADA] | |
| Linkage | 21574 |
| Personal name | Carrizo |
| Field link and sequence number | 21568 |
| Miscellaneous information | Nuñez |
| Withdrawn status | Lost status | Source of classification or shelving scheme | Damaged status | Not for loan | Home library | Current library | Date acquired | Source of acquisition | Full call number | Barcode | Date last seen | Price effective from | Koha item type |
|---|---|---|---|---|---|---|---|---|---|---|---|---|---|
| Dewey Decimal Classification | Biblioteca Central | DEPOSITO | 09/11/2023 | Donación. | 341 DAV | UNAJ23110044 | 09/11/2023 | 09/11/2023 | Libro, folleto, traducción |